Pokémon - Attacken von Despotar in KA/PU - Statistiken

Allgemein
  • Dieses Quiz wurde 3 mal gespielt
  • Das Durchschnittsergebnis liegt bei 56 aus 90
Antwortstatistiken
Antwort % Korrekt
Aero-Ass
100%
Biss
100%
Blizzard
100%
Bodycheck
100%
Dampfwalze
100%
Delegator
100%
Donner
100%
Donnerblitz
100%
Donnerschlag
100%
Donnerzahn
100%
Drachenklaue
100%
Eisenabwehr
100%
Eishieb
100%
Eisstrahl
100%
Eiszahn
100%
Erdbeben
100%
Erdkräfte
100%
Feuerschlag
100%
Feuersturm
100%
Feuerzahn
100%
Finsteraura
100%
Flammenwurf
100%
Hyperstrahl
100%
Knirscher
100%
Regentanz
100%
Sandsturm
100%
Schutzschild
100%
Silberblick
100%
Sonnentag
100%
Steinhagel
100%
Steinkante
100%
Tackle
100%
Wutanfall
100%
Body Press
67%
Bodyslam
67%
Drachenpuls
67%
Drachentanz
67%
Dunkelklaue
67%
Durchbruch
67%
Eisenschädel
67%
Erholung
67%
Felsgrab
67%
Felswurf
67%
Fluch
67%
Fußkick
67%
Gigastoß
67%
Grimasse
67%
Hydropumpe
67%
Juwelenkraft
67%
Katapult
67%
Lehmschelle
67%
Lehmschuss
67%
Risikotackle
67%
Sandgrab
67%
Schaufler
67%
Schlafrede
67%
Surfer
67%
Tera-Ausbruch
67%
Abschlag
33%
Antik-Kraft
33%
Breitseite
33%
Brüller
33%
Donnerwelle
33%
Drachenrute
33%
Eissturm
33%
Fassade
33%
Gegenstoß
33%
Groll
33%
Kreideschrei
33%
Lawine
33%
Pferdestärke
33%
Schmarotzer
33%
Stahlpresse
33%
Standpauke
33%
Steinwurf
33%
Tarnsteine
33%
Verhöhner
33%
Ausdauer
0%
Energiefokus
0%
Fokusstoß
0%
Fruststampfer
0%
Frustventil
0%
Fuchtler
0%
Gewissheit
0%
Lehmbrühe
0%
Power-Punch
0%
Rammboss
0%
Rechte Hand
0%
Schleuder
0%
Stampfer
0%
Keine übereinstimmenden Quizze gefunden
Verteilung der Resultate
Anzahl Personen mit jedem Resultat
Perzentil nach korrekt beantworteten Fragen
Ihre Resultats-Entwicklung
Sie haben dieses Quiz noch nicht gespielt